Catálogo
 En Linea

Árboles comunes de Puerto Rico y las Islas vírgenes / (Registro nro. 10776)

Detalles MARC
000 -CABECERA
campo de control de longitud fija 00964cam a2200241 a 4500
001 - NÚMERO DE CONTROL
campo de control 000011045
005 - FECHA Y HORA DE LA ÚLTIMA TRANSACCIÓN
campo de control 20200929162339.0
008 - DATOS DE LONGITUD FIJA--INFORMACIÓN GENERAL
campo de control de longitud fija 750819s1967 pr a 000 0 spa d
020 ## - NÚMERO INTERNACIONAL ESTÁNDAR DEL LIBRO
Número Internacional Estándar del Libro 0847723135
040 ## - FUENTE DE LA CATALOGACIÓN
Centro catalogador/agencia de origen DO-SdBNP
Lengua de catalogación spa
Centro/agencia transcriptor BNPHU
082 ## - NÚMERO DE LA CLASIFICACIÓN DECIMAL DEWEY
Número de clasificación 582.167295
Número de documento/Ítem L778a
100 1# - ENTRADA PRINCIPAL--NOMBRE DE PERSONA
Nombre de persona Little, Elbert L.,
Fechas asociadas al nombre 1907-2004
9 (RLIN) 26506
245 10 - MENCIÓN DE TÍTULO
Título Árboles comunes de Puerto Rico y las Islas vírgenes /
Mención de responsabilidad, etc. Elbert L. Little Jr., Frank H. Wadsworth y José Marrero ; Acuarelas por Frances W. Horne.
260 ## - PUBLICACIÓN, DISTRIBUCIÓN, ETC.
Lugar de publicación, distribución, etc. Río Piedras, Puerto Rico :
Nombre del editor, distribuidor, etc. Universidad de Puerto Rico,
Fecha de publicación, distribución, etc. 1967.
300 ## - DESCRIPCIÓN FÍSICA
Extensión xxxix, 731 p. :
Otras características físicas il. ;
Dimensiones 28 cm.
504 ## - NOTA DE BIBLIOGRAFÍA, ETC.
Nota de bibliografía, etc. Incluye bibliografía e índice.
500 ## - NOTA GENERAL
Nota general Los ejemplares 1 y 2 son la primera reimpresión del 1977.
650 #4 - PUNTO DE ACCESO ADICIONAL DE MATERIA--TÉRMINO DE MATERIA
Término de materia o nombre geográfico como elemento de entrada Arboles
Subdivisión geográfica Puerto Rico
9 (RLIN) 26507
650 #4 - PUNTO DE ACCESO ADICIONAL DE MATERIA--TÉRMINO DE MATERIA
Término de materia o nombre geográfico como elemento de entrada Arboles
Subdivisión geográfica Islas Virgenes De Estados Unidos
9 (RLIN) 26508
700 1# - PUNTO DE ACCESO ADICIONAL--NOMBRE DE PERSONA
Nombre de persona Wadsworth, Frank H.
9 (RLIN) 26509
700 1# - PUNTO DE ACCESO ADICIONAL--NOMBRE DE PERSONA
Nombre de persona Marrero Torrado, José
9 (RLIN) 26510
700 1# - PUNTO DE ACCESO ADICIONAL--NOMBRE DE PERSONA
Nombre de persona Horne, Frances W.
9 (RLIN) 26511
Existencias
Estado de retiro Estado de pérdida Restricciones de uso No para préstamo Código de colección Localización permanente Ubicación/localización actual Ubicación en estantería Fecha de adquisición Número de inventario Total de préstamos Signatura topográfica completa Código de barras Fecha visto por última vez Precio válido a partir de Tipo de ítem Koha Número de copia
        Monografías: Libros y Folletos General General Depósito 13.10.2009 LF1   582.167295 L778a 11045-10 25.06.2020 25.06.2020 Préstamo en sala  
    Préstamo restringido Préstamo restrigido Monografías: Libros y Folletos General General Depósito 13.10.2009 LF1   582.167295 L778a 11045-20 25.06.2020 25.06.2020 Préstamo en sala e.2

Con tecnología Koha